000 00389nam a2200145 i 4500
001 bg
100 1 _aSTAROWICZ, Wiesław
245 0 _aElektroniczna technika obliczeniowa w transporcie /
_cWiesław Starowicz, Jolanta Basiaga.
260 _aKraków,
_c1981.
700 1 _aBASIAGA, Jolanta
040 _cBPK
041 _apol
942 _cKS
008 s pl f |000 0 pol
999 _c20538
_d20538
856 _uhttp://koha.tu.koszalin.pl/cgi-bin/koha/opac-detail.pl?biblionumber=20538
_yKatalog online BPK